000 00567nam a22001937a 4500
005 20250519121822.0
010 _aENG-144968
020 _c295.00
_a9789380677200
035 _aEN-128500
037 _bDBAD
082 _a320.4
100 _aMyrdal, Jan
_981259
245 _aRed Star Over India:
_bAs The Wretched Of The Earth Are Rising/
_cJan Myrdal
250 _a1
260 _aIndia
_bArchana Das & Subrata Das
_c2012
270 _a12/A, Shankar Ghosh Lane, Kol-6
_bIndia
300 _a224p.
_c22cm(pb)
942 _2ddc
_cEN
_mMYR
_h320.4
999 _c211331
_d211331